| 000 | 01100cam a2200229 4500 | ||
|---|---|---|---|
| 001 | ABS64870 | ||
| 008 | 020103n2001 000 0 eng u | ||
| 035 | _a(Sirsi) u116115 | ||
| 100 | _aTulacz, G. | ||
| 245 | _aOwners braking in slow economy | ||
| 260 | _c2001 | ||
| 490 |
_aEngineering News Record _vNovember 12 2001, 30-32(3) |
||
| 520 | _aAnalysis of the corporate construction market. Gives information on top firms in each sector including industrial and machinery equipment and chemical and allied products. Concludes that with the economy growing less companies are re-examining construction programs. The downturn is particularly noticeable in the commercial building market, with vacancy rates increasing dramatically. Also considers the need to attract high quality professionals to the construction to ensure future success. | ||
| 590 | _aABS | ||
| 650 | _aCONSTRUCTION MARKET | ||
| 650 | _aCONSTRUCTION COMPANIES | ||
| 650 | _aECONOMIC PERFORMANCE | ||
| 650 | _aCAPITAL PROJECTS | ||
| 650 | _aSKILL SHORTAGES | ||
| 690 | _aBUILDING AND CONSTRUCTION-PROJECTS | ||
| 942 | _n0 | ||
| 999 |
_c69171 _d69171 |
||